Central Library OPAC University of Rajshahi
Normal view MARC view

Entry Personal Name

Number of records used in: 4

001 - CONTROL NUMBER

  • control field: 1268

003 - CONTROL NUMBER IDENTIFIER

  • control field: BD-RjUL

005 - DATE AND TIME OF LATEST TRANSACTION

  • control field: 20220210124123.0

008 - FIXED-LENGTH DATA ELEMENTS

  • fixed length control field: 220210|| aca||aabn | a|a d

040 ## - CATALOGING SOURCE

  • Original cataloging agency: BD-RjUL
  • Transcribing agency: BD-RjUL

100 ## - HEADING--PERSONAL NAME

  • Personal name: কবির, হুমায়ুন

670 ## - SOURCE DATA FOUND

  • Source citation: Work cat.: (BD-RjUL)79360: কবির, হুমায়ুন , মার্ক্সবাদ /, ২০১৭